01803nam a22002417a 450000500170000000800410001702000180005804000070007604100080008308200210009110000300011210000260014224500480016826000410021630000290025736500650028644000200035152010900037165000210146165000190148270000320150170000280153320220915090700.0220913b ||||| |||| 00| 0 eng d a9789354911828 cAL aeng 223a954.03bHANU aShukhdeba Sharma Hanjabam dAheibam Koireng Singh aUnsung Anglo Manipur war heroes at Kalapani aNew DelhibNational Book Trustc2022 axxiv,147p.bPBc19x14cm. 2SociologyaBLCR-000075b152.00c₹d190.00e20%f01-09-2022 aIndia@75 series aManipur’s fight against the British forms an integral part of a series of struggles which the freedom loving people of India fought in different forms and in different parts of this country, he said. “The heroic people of Manipur fought shoulder to shoulder with their fellow countrymen for freedom of our motherland. Manipur’s last war of Independence in 1981 is a testimony to this,” he maintained. Governor Ganesan further said that after the defeat at Anglo-Manipur War in 1891, Maharaj Kulachandra and many other prominent leaders including Yuvraj Tikendrajit and Thangal General were also arrested and charged for waging war against the Queen Empress and abatement of murdering British Officers. Five of them were hanged and 23 people including Maharaj Kulachandra were transported for life at Kalapani, Andaman, he said. The transported Manipuri war heroes from Manipur were believed to have interned at a Bungalow at Mount Harriet now called Mount Manipur. They faced the horrific torture for the sake of Independence which is worth mentioning in these days, he said.  aFreedom Fighters aIndian History aHANJABAM (Shukhdeba Sharma) aSINGH (Aheibam Koireng)